| Tag |
First Indicator |
Second Indicator |
Subfields |
| LEADER |
00000cam a2200000 i 4500 |
| 001 |
in00000007365 |
| 005 |
20151005070024.0 |
| 008 |
770728s1939 nyua j 00011 eng d |
| 035 |
|
|
|a (OCoLC)03146345
|
| 035 |
|
|
|9 AAA1854AM
|
| 040 |
|
|
|a ICU
|c ICU
|d m/c
|d TXA
|d UtOrBLW
|
| 049 |
|
|
|a [Curr Col] TXAM
|c [A12603659]
|
| 050 |
|
4 |
|a PZ7.T737
|b Hg 1939
|
| 100 |
1 |
|
|a Tritten, Charles.
|
| 245 |
1 |
0 |
|a Heidi's children /
|c by Charles Tritten, Johanna Spyri's translator ; illustrated by Pelagie Doane.
|
| 264 |
|
1 |
|a New York :
|b Grosset & Dunlap,
|c 1939.
|
| 300 |
|
|
|a 217 pages :
|b illustrations ;
|c 21 cm.
|
| 336 |
|
|
|a text
|b txt
|2 rdacontent
|
| 337 |
|
|
|a unmediated
|b n
|2 rdamedia
|
| 338 |
|
|
|a volume
|b nc
|2 rdacarrier
|
| 520 |
|
|
|a Sequel to Heidi grows up, which is a continuation of Joanna Spyri's Heidi. Tells of the birth of Heidi's twins, the child Marta who comes to live wth Heidi and her family, and the Alm-Uncle's secret
|
| 700 |
1 |
|
|a Spyri, Johanna,
|d 1827-1901.
|
| 999 |
|
|
|a MARS
|
| 999 |
f |
f |
|s 5133b46a-3589-300b-aa49-8addcd6b00d1
|i 7bec243b-e4a3-3b41-9de5-95dd143d32b0
|t 0
|
| 952 |
f |
f |
|p ric
|a Texas A&M University
|b Rellis Campus
|c Joint Library Facility
|d Remote Storage
|t 0
|e PZ7.T737 Hg 1939
|h Library of Congress classification
|i unmediated -- volume
|m A14812603659
|
| 998 |
f |
f |
|a PZ7.T737 Hg 1939
|t 0
|l Remote Storage
|